00884nam a22002657a 450000500170000000800410001701000150005802000260007302000230009903500130012203700130013504000130014808200080016110000230016924501750019225000110036726000380037827000430041630000550045950000200051465000220053465000190055670000200057570000230059520110316101042.0110316t xxu||||| |||| 00| 0 eng d aENG-102134 a9780070701953c999.00 a0070701954c999.00 aEN-85667 bDBAD/PUB adplbEng00a6121 aVanPutte, Cinnamon10aSeeley’s fundamentals of human anatomy & physiology :cby Cinnamon VanPutte, Jennifer Regan [and] Andrew F. Russobfor B. Pharmacy and allied clinical science courses / a7th ed aNew DelhibTata McGraw Hillc2011 a7, West Patel nagarbNew Delhie110008 aVarious pagings :c28cm (pbk)bill. (chiefly col.) aIncludes index 0aHuman physiology. 0aHuman anatomy.1 aRegan, Jennifer1 aRusso, Andrew F.